书目信息 |
| 题名: |
国外点式玻璃建筑
|
|
| 作者: | 陈神周 , 吕富珣 著 | |
| 分册: | ||
| 出版信息: | 北京 中国建筑工业出版社 2006 |
|
| 页数: | 163页 | |
| 开本: | 29cm | |
| 丛书名: | ||
| 单 册: | ||
| 中图分类: | TU238 | |
| 科图分类: | ||
| 主题词: | 玻璃--bo li--建筑装饰--建筑设计--世界 | |
| 电子资源: | ||
| ISBN: | 7-112-07909-8 | |
| 000 | 01383nam0 2200301 450 | |
| 001 | 0100003905 | |
| 005 | 20240402164425.77 | |
| 010 | @a7-112-07909-8@dCNY90.00 | |
| 099 | @aCAL 012006035672 | |
| 100 | @a20060310d2006 ekmy0chiy0121 ea | |
| 101 | 0 | @achi |
| 102 | @aCN@b110000 | |
| 105 | @aa a 000yy | |
| 200 | 1 | @a国外点式玻璃建筑@Aguo wai dian shi bo li jian zhu@d= International point supported glass architecture@f陈神周,吕富珣著@zeng |
| 210 | @a北京@c中国建筑工业出版社@d2006 | |
| 215 | @a163页@c图@d29cm | |
| 314 | @a陈神周,男,东南大学土木工程学士,清华大学工学硕士。在《世纪建筑》、《建筑学报》等报刊上发表多篇文章。 | |
| 314 | @a吕富珣,男,清华大学建筑学学士,博士,教授,发表论文30余篇。 | |
| 320 | @a有书目 (第163页) | |
| 330 | @a本书以国外的点式玻璃建筑为主要研究对象,通过案例分析的方式对点式玻璃幕墙、点式玻璃屋顶和点式玻璃在建筑局部中的应用进行了系统的分类研究,深入浅出的探讨了点式玻璃技术在当代建筑设计中的优越性和局限性,充分肯定了点式玻璃技术的巨大发展前景。 | |
| 333 | @a建筑师、结构工程师、装饰设计师、大专院校相关专业师生。 | |
| 510 | 1 | @a=International point supported glass architecture@zeng |
| 606 | 0 | @a玻璃@Abo li@x建筑装饰@x建筑设计@y世界 |
| 690 | @aTU238@v4 | |
| 701 | 0 | @a陈神周@Achen shen zhou@4著 |
| 701 | 0 | @a吕富珣@Alv fu xun@4著 |
| 801 | 0 | @aCN@b河南城建学院图书馆@c20160515 |
| 905 | @a河南城建学院图书馆@dTU238@eC569 | |
| 国外点式玻璃建筑= International point supported glass architecture/陈神周,吕富珣著.-北京:中国建筑工业出版社,2006 |
| 163页:图;29cm |
| 使用对象:建筑师、结构工程师、装饰设计师、大专院校相关专业师生。 |
| ISBN 7-112-07909-8:CNY90.00 |
| 本书以国外的点式玻璃建筑为主要研究对象,通过案例分析的方式对点式玻璃幕墙、点式玻璃屋顶和点式玻璃在建筑局部中的应用进行了系统的分类研究,深入浅出的探讨了点式玻璃技术在当代建筑设计中的优越性和局限性,充分肯定了点式玻璃技术的巨大发展前景。 |
| ● |
| 相关链接 |
|
|
|
正题名:国外点式玻璃建筑
索取号:TU238/C569
 
预约/预借
| 序号 | 登录号 | 条形码 | 馆藏地/架位号 | 状态 | 备注 |
| 1 | 1282651 | 212826511 | 建筑库101/101建筑库 48排3列3层/ [索取号:TU238/C569] | 在馆 | |
| 2 | 1282652 | 212826520 | 建筑库101/101建筑库 48排3列3层/ [索取号:TU238/C569] | 在馆 | |
| 3 | 1282653 | 212826539 | 建筑库101/101建筑库 48排3列3层/ [索取号:TU238/C569] | 在馆 | |
| 4 | 1449288 | 214492887 | 建筑库101/101建筑库 48排3列3层/ [索取号:TU238/C569] | 在馆 | |
| 5 | 1449290 | 214492903 | 建筑库101/101建筑库 48排3列3层/ [索取号:TU238/C569] | 在馆 | |
| 6 | 1449291 | 214492912 | 建筑库101/101建筑库 48排3列3层/ [索取号:TU238/C569] | 在馆 | |
| 7 | 1550493 | 215504933 | 建筑库101/101建筑库 48排3列3层/ [索取号:TU238/C569] | 在馆 | |
| 8 | 1550494 | 215504942 | 建筑库101/101建筑库 48排3列3层/ [索取号:TU238/C569] | 在馆 | |
| 9 | 1550495 | 215504951 | 建筑库101/101建筑库 48排3列3层/ [索取号:TU238/C569] | 在馆 | |
| 10 | 1550892 | 215508920 | 建筑库101/101建筑库 48排3列3层/ [索取号:TU238/C569] | 在馆 | |
| 11 | 1550893 | 215508939 | 建筑库101/101建筑库 48排3列3层/ [索取号:TU238/C569] | 在馆 | |
| 12 | 1550894 | 215508948 | 建筑库101/101建筑库 48排3列3层/ [索取号:TU238/C569] | 在馆 |